000 00916nas a2200301 4500
001 BR2014005925
003 BR-BrBNA
005 20231205124521.0
007 ta
008 230509b bl.|||p| |||| 00| 00por d
040 _aBR-BrBNA
_bpor
_cBiblioteca Nacional de Agricultura
041 _a(En)
072 _aL02; L51; Q54
100 1 _aSilva, C.L.S.
100 1 _aMenten, J.F.M.
100 1 _aTraldi, A.B.
100 1 _aPereira, R.
100 1 _aZAvarize, K.C.
100 1 _aSantarosa, J.
245 1 _aGlycerine derived from biodiesel production as a feedstuff for broiler diets
650 _aFRANGO DE CORTE
650 _aALIMENTO ALTERNATIVO
650 _aPERFORMANCE
650 _aGLICERINA
773 0 _tBrazilian Journal of Poultry Science (Brazil)
_xISSN 1516-635X
_g(Jul- Sep 2012), v. 14(3) p. 193-202
_wBR2014005925
909 _a202311
_bLúcia
_c55
_dLúcia Elande
942 _2AGRIS
_n0
_cANA
999 _c239482
_d239482